000 00293nam a2200109Ia 4500
005 20251222114410.0
008 251222s1900||||xx |||||||||||||| ||spa||
082 _aDVD0092/H39J
245 0 _aReligiones del Mundo: Hinduismo, Budista, Judía e Islámica.
264 _bOliver, Henry.
942 _cDVD
999 _c1979
_d1979